000 00811pam a22002654a 4500
001 3588
005 20240321142215.0
020 _a651495003955
040 _aDLC
_cDLC
_dIG#
_dDLC
_beng
050 0 0 _aTL670.S54
082 0 0 _a629.133
100 1 _aSimon, Seymour
245 1 0 _aAmazing aircraft /
_cSeymour Simon
260 _aSan Francisco :
_bSeaStar Books,
_c2002
300 _a32 unnumbered pages :
_bcolor illustrations ;
_c24 cm.
490 _aSeeMore readers
_vLevel 2
505 _aZ
520 _aProvides an easy-to-read overview of the history of aircraft.
521 _a900
_bLexile NC
521 _aZ
_bRaz-Plus
650 0 _aAirplanes
_xHistory
_vJuvenile literature
650 1 _aAirplanes
_xHistory
906 _a7
_bcbc
_corignew
_d1
_eecip
_f20
_gy-gencatlg
942 _2ddc
_cBK
_n0
999 _c3588
_d3588